Μοντέλα και μέθοδοι για τις επιστήμες της συμπεριφοράς
Saved in:
| Main Author: | |
|---|---|
| Other Authors: | , |
| Format: | Book |
| Language: | Greek English |
| Published: |
Αθήνα :
Ελληνικά Γράμματα,
1996.
|
| Edition: | 2η έκδ. |
| Series: | Πειραματικός σχεδιασμός και μέθοδοι έρευνας ;
2 |
| Subjects: | |
| Tags: |
Add Tag
No Tags, Be the first to tag this record!
|
MARC
| LEADER | 00000cam a2200000 i 4500 | ||
|---|---|---|---|
| 001 | 1/70944 | ||
| 008 | 990226s1996 gr | ||| |||| ||gre|| | ||
| 020 | |a 9603440469 | ||
| 035 | |l 10048221 | ||
| 040 | |a GR-MyUa |b gre |e AACR2 | ||
| 041 | 1 | |a gre |h eng | |
| 082 | 7 | |a 300.1 |2 (22) | |
| 100 | 1 | |a MacRae, Sandy. | |
| 245 | 1 | 0 | |a Μοντέλα και μέθοδοι για τις επιστήμες της συμπεριφοράς / |c Sandy MacRae ; μετάφραση: Κυριακή Πετρουλάκη ; επιμέλεια: Θεώνη Βελή. |
| 250 | |a 2η έκδ. | ||
| 260 | |a Αθήνα : |b Ελληνικά Γράμματα, |c 1996. | ||
| 300 | |a 63 σ. : |b εικ. ; |c 28 εκ. | ||
| 490 | 1 | |a (Πειραματικός σχεδιασμός και μέθοδοι έρευνας ; |v 2) | |
| 504 | |a Περιέχει ευρετήριο όρων. | ||
| 500 | |a Τίτλος πρωτοτύπου: Models and methods for the behavioural sciences. | ||
| 650 | 0 | |a Social sciences |x Methodology. | |
| 650 | 0 | |a Psychology |x Methodology. | |
| 700 | 1 | |a Πετρουλάκη, Κυριακή, |e trlf | |
| 700 | 1 | |a Βελή, Θεώνη, |e edtf | |
| 830 | 0 | |a Πειραματικός σχεδιασμός και μέθοδοι έρευνας ; |v 2 | |
| 852 | |a INST |b RHODES |e 19990226 |h 300.1 MAC |p 005400015520 |q 005400015520 |t BK |y 0 | ||
| 901 | |a BIBL-1999-1 | ||
| 970 | |z 1999/02/26 | ||
| 922 | |a 4ΕΛΗ |b 199805 |c ΚΠΣ/Ν |d EMVASIS | ||